[Event "Copenhagen K41 Aabent-ch 0506"]
[Site "Copenhagen"]
[Date "2006.01.10"]
[Round "5"]
[White "Christensen, Henning"]
[Black "Gjedde, Thomas"]
[Result "0-1"]
[WhiteElo "1623"]
[BlackElo "1896"]
[PlyCount "70"]
[EventDate "2005.11.15"]
[EventType "swiss"]
[EventRounds "9"]
[EventCountry "DEN"]
[SourceTitle "EXT 2023"]
[Source "ChessBase"]
[SourceDate "2022.10.05"]
[SourceVersion "1"]
[SourceVersionDate "2022.10.05"]
[SourceQuality "1"]

1. d4 d5 2. c4 e6 3. Nc3 Nf6 4. Bg5 Be7 5. e3 0-0 6. Nf3 Nbd7 7. Qc2 b6 8. cxd5 exd5 9. Bd3 Bb7 10. Bxf6 Nxf6 11. g4 Re8 12. 0-0-0 c5 13. Ne5 cxd4 14. exd4 Rc8 15. Qb3 a6 16. Kb1 b5 17. g5 Nh5 18. Bf5 Rc7 19. Bg4 Nf4 20. h4 b4 21. Ne4 Bf8 22. Ng3 Bd6 23. Rhe1 Ng2 24. Re2 Nxh4 25. f4 Ng6 26. Nh5 Bxe5 27. dxe5 Bc8 28. Bxc8 Qxc8 29. Qxd5 Qg4 30. Rh2 Rec8 31. Qd3 Nf8 32. Qf1 Qf5+ 33. Ka1 a5 34. Rg2 Qh3 35. Ng3 Qxg2 0-1

[Event "Copenhagen K41 Aabent-ch 0506"]
[Site "Copenhagen"]
[Date "2006.01.03"]
[Round "4"]
[White "Akdag, Dara Sevkan"]
[Black "Christensen, Henning"]
[Result "0-1"]
[WhiteElo "1719"]
[BlackElo "1623"]
[PlyCount "68"]
[EventDate "2005.11.15"]
[EventType "swiss"]
[EventRounds "9"]
[EventCountry "DEN"]
[SourceTitle "EXT 2023"]
[Source "ChessBase"]
[SourceDate "2022.10.05"]
[SourceVersion "1"]
[SourceVersionDate "2022.10.05"]
[SourceQuality "1"]

1. d4 Nf6 2. c4 e6 3. Bg5 c5 4. Nf3 cxd4 5. Nxd4 Qa5+ 6. Bd2 Qb6 7. e3 Nc6 8. Nb3 Be7 9. Nc3 0-0 10. c5 Qd8 11. Be2 d5 12. cxd6 Bxd6 13. 0-0 Qe7 14. f4 e5 15. e4 exf4 16. Bxf4 Bxf4 17. Rxf4 Qe5 18. Qf1 Be6 19. Kh1 Rfd8 20. Rf3 Bxb3 21. axb3 Nd4 22. Rd3 Nxb3 23. Rxa7 Nc5 24. Rxd8+ Rxd8 25. Ra5 b6 26. Rb5 Qd4 27. e5 Nfe4 28. Nxe4 Nxe4 29. g3 Rc8 30. Qg1 Qd2 31. Bf3 Rc1 32. Rxb6 Rxg1+ 33. Kxg1 Qf2+ 34. Kh1 Qf1# 0-1

[Event "Rodovre-ch B"]
[Site "Rodovre"]
[Date "2004.10.05"]
[Round "6"]
[White "Christensen, Henning"]
[Black "Rohder, Bjarne"]
[Result "1-0"]
[WhiteElo "1636"]
[BlackElo "1609"]
[PlyCount "37"]
[EventDate "2004.08.31"]
[EventType "tourn"]
[EventRounds "7"]
[EventCountry "DEN"]
[SourceTitle "EXT 2023"]
[Source "ChessBase"]
[SourceDate "2022.10.05"]
[SourceVersion "1"]
[SourceVersionDate "2022.10.05"]
[SourceQuality "1"]

1. d4 d5 2. c4 Nf6 3. cxd5 Nxd5 4. Nf3 e6 5. e4 Nb6 6. Be3 Nc6 7. Nc3 Be7 8. Rc1 a6 9. Bd3 Bd7 10. d5 exd5 11. exd5 Na7 12. 0-0 0-0 13. Bb1 Nac8 14. Ne5 Bd6 15. f4 Bb4 16. Rf3 Bxc3 17. Rxc3 Be6 18. Qc2 f5 19. dxe6 1-0